Pensar sobre la democracia, discutir sobre los derechos /

Zapisane w:
Opis bibliograficzny
1. autor: Gargarella, Roberto
Format: Książka
Język:Spanish
Etykiety: Dodaj etykietę
Nie ma etykietki, Dołącz pierwszą etykiete!

MARC

LEADER 00000nam a22000007a 4500
003 cru CIDCACS/IIS
005 20170406110144.0
007 ta
008 170406e2017 ag ||||| |||| 00| 0 spa d
040 |c cru CIDCACS/IIS 
100 1 |9 3995  |a Gargarella, Roberto 
245 |a Pensar sobre la democracia, discutir sobre los derechos /  |c Roberto Gargarella 
300 |a páginas 101-113 
773 0 |0 19022  |9 587  |a Fundación Friedrich Ebert  |d Fundación Friedrich Ebert; Nueva Sociedad  |o R19292  |t Nueva Sociedad / 
942 |2 ddc  |c PP 
999 |c 19146  |d 19146